L'Iliade d'Homere (Record no. 155548)
[ view plain ]
| 000 -LEADER | |
|---|---|
| campo de control de longitud fija | 00941nam a22002535i 4500 |
| 001 - NÚMERO DE CONTROL | |
| campo de control | 155548 |
| 003 - IDENTIFICADOR DE NÚMERO DE CONTROL | |
| campo de control | ES-MaACL |
| 005 - FECHA Y HORA DE LA ÚLTIMA TRANSACCIÓN | |
| campo de control | 20260616130212.0 |
| 008 - DATOS DE LONGITUD FIJA--INFORMACIÓN GENERAL | |
| campo de control de longitud fija | 001130s1796 fr |||| | fre d |
| 040 ## - FUENTE DE CATALOGACIÓN | |
| Centro catalogador/agencia de origen | AN |
| Lengua de catalogación | spa |
| Centro/agencia transcriptor | AN |
| 100 0# - ENTRADA PRINCIPAL--NOMBRE DE PERSONA | |
| Nombre de persona | Homero |
| 9 (RLIN) | 64112 |
| 245 12 - MENCIÓN DEL TÍTULO | |
| Título | L'Iliade d'Homere |
| Resto del título | : avec des remarques / |
| Mención de responsabilidad, etc. | précédée de réflexions sur Homere & sur la traduction des potes par M. Bitaub ... ; tome second. |
| 250 ## - MENCION DE EDICION | |
| Mención de edición | Troisieme édition. |
| 260 ## - PUBLICACIÓN, DISTRIBUCIÓN, ETC. | |
| Lugar de publicación, distribución, etc. | A Lyon : |
| Nombre del editor, distribuidor, etc. | chez Bruyset & Ce., |
| Fecha de publicación, distribución, etc. | 1796. |
| 300 ## - DESCRIPCIÓN FÍSICA | |
| Extensión | [4], 267 p. ; |
| Dimensiones | 12º. |
| 594 #1 - Nota al título y mención de responsabilidad | |
| Nota al título y mención de responsabilidad | Tít. en antep.: "Oeuures d'Homere, tome second" |
| 595 #1 - | |
| -- | Datos de ed. preceden a "tome second" |
| 597 #1 - NOTA DE DESCRIPCIÓN FÍSICA | |
| NOTA DE DESCRIPCIÓN FÍSICA | Sign.: []\p2\s, A-O\p12/6\s, P\p8\s. |
| 597 #1 - NOTA DE DESCRIPCIÓN FÍSICA | |
| NOTA DE DESCRIPCIÓN FÍSICA | Port. con grab. xil. |
| 752 ## - ENTRADA AGREGADA--NOMBRE JERÁRQUICO DEL LUGAR | |
| País o entidad superior | Francia - |
| Ciudad | Lyon |
| 852 ## - LOCALIZACIÓN | |
| Ubicación | ES-MaACL |
| Número de control de estantería | R-1677-88 |
| Nota libre | -- Enc. pasta española |
| Encuadernación | -- Edic.: Corregir "Bitaub" por "Bitaubé" |
| -- | Olim: F-625-36 |
| Estatus retirado | Estado de pérdida | Estado de daño | No para préstamo | Colección | Biblioteca de origen | Biblioteca actual | Ubicación en estantería | Fecha de adquisición | Total de préstamos | Signatura topográfica completa | Código de barras | Visto por última vez | Precio de reemplazo | Tipo de ítem Koha |
|---|---|---|---|---|---|---|---|---|---|---|---|---|---|---|
| Libros del s. XVIII | Biblioteca del Ateneo de Madrid | Biblioteca del Ateneo de Madrid | Depósito | 17/01/2008 | R-1677-88 | 1162707 | 23/02/2023 | 23/02/2023 | Libro impreso antiguo |
